000 01094nam a22002657a 4500
005 20130821145649.0
008 120307s2010 ck ab gr 00110 spa d
020 _a9789589880692
041 0 _aspa
044 _ack
082 0 4 _a577.34
_bP51p
100 1 _aPeñuela-Mora, María Cristina.
_91775
245 1 0 _aPlantas del Centro experimental Amazónico -CEA- Mocoa, Putumayo /
_cMaría Cristian Peñuela Mora, Eliana María Jiménez Rojas ; fotografías Guillermo Santos ... [et al.] ; mapas Ronald Cubeo.
260 _aLeticia
_bUniversidad Nacional de Colombia
_bCorpoamazonia
_c2010.
300 _a423 p. :
_bil., mapas. ;
_c23 cm. +
_e1 lámina.
500 _aGlosario : p. 391-402.
504 _aIncluye referencias bibliográficas e índices.
610 2 4 _aCentro Experimental Amazónico
_v Guías.
_91776
650 _aBosques
_z Putumayo (Colombia)
_91777
650 _aFlora forestal
_z Putumayo (Colombia)
_91778
650 4 _aArboles
_z Putumayo (Colombia)
_91779
700 1 _aSantos, Guillermo,
_efot.
_91780
700 1 _aCubeo, Ronald,
_eil.
_91781
942 _2ddc
_cImpreso
999 _c7606
_d7606